Most Streamed Drake Songs - Statistics

General Stats
  • This quiz has been taken 246 times
    126 since last reset
  • The average score is 8 of 20
Answer Stats
# Streams Answer % Correct
1 3.687,087,029 One Dance
94%
2 2,805,016,041 God's Plan
87%
3 1,900,697,823 Passionfruit
75%
5 1,475,167,392 Hotline Bling
72%
6 1,460,044,812 In My Feelings
56%
8 1,386,578,869 Nice For What
51%
12 1,219,495,598 Nonstop
47%
13 1,185,655,484 Jimmy Cooks
37%
16 1,137,623,770 Toosie Slide
36%
4 1,549,514,676 Work
36%
17 1,124,435,599 Too Good
32%
15 1,151,002,616 Hold On, We're Going Home
31%
9 1,341,532,163 Life Is Good
25%
7 1,443,905,908 MIA
21%
20 1,059,423,894 Laugh Now Cry Later
20%
19 1,097,725,524 WAIT FOR U
17%
10 1,295,611,474 Going Bad
16%
14 1,163,206,732 No Guidance
14%
18 1,117,666,253 Love Me
13%
11 1,233,238,580 Yes Indeed
13%
No matching quizzes found
Score Distribution
Percent of People with Each Score
Percentile by Number Answered
Your Score History
You have not taken this quiz since the last reset